000 00993nac a22003017a 4500
001 BR9804565
003 BR-BrBNA
005 20240105122132.0
008 230509b bl.|||m| |||| 00| 0 por d
040 _aBR-BrBNA
_bpor
_cBiblioteca Nacional de Agricultura
072 _aH10; H20
090 _a0230 BR9804565
100 1 _aBrasil, J.N.
110 1 _aComissao de Combate as Pragas da Cana de Acucar no Estado de Pernambuco, Recife (Brasil)
_91968
245 1 _aPragas e doencas da cana de acucar, em Pernambuco
260 3 _aRecife, PE (Brasil):
_c1967.
300 _a19 p.
490 _aPublicacao - Comissao de Combate as Pragas da Cana de Acucar no Estado de Pernambuco (Brazil)
_vno. 24
_x
500 _aSummaries (En, Pt); 9 ref.
650 _aCana de Acucar
650 _aInseto
650 _aFungo
650 _aControle Quimico
650 _aVariedade Resistente
650 _aPernambuco
909 _a202312
_bLúcia Elande
_c55
_dLúcia Elande
942 _2AGRIS
_n0
_cMS
999 _c289385
_d289385